Uso de los medios tecnológicos en el proceso de enseñanza y aprendizaje de los Centros Cigar Family del Distrito Educativo 16-06 de Bonao. Año escolar 2011-2012 (Record no. 252)

MARC details
000 -LEADER
campo de control de longitud fija 02670nam a2200541Ia 4500
001 - NÚMERO DE CONTROL
campo de control 284
008 - DATOS DE LONGITUD FIJA--INFORMACIÓN GENERAL
campo de control de longitud fija 241029s9999 xx 000 0 und d
010 ## - NÚMERO DE CONTROL DE LA BIBLIOTECA DEL CONGRESO
Número de control de LC 252
041 ## - CÓDIGO DE IDIOMA
Código de lengua del texto/banda sonora o título independiente Español
082 ## - NÚMERO DE LA CLASIFICACIÓN DECIMAL DEWEY
Número de clasificación MGC12-001
245 #0 - MENCIÓN DEL TÍTULO
Título Uso de los medios tecnológicos en el proceso de enseñanza y aprendizaje de los Centros Cigar Family del Distrito Educativo 16-06 de Bonao. Año escolar 2011-2012
260 ## - PUBLICACIÓN, DISTRIBUCIÓN, ETC.
Lugar de publicación, distribución, etc. Monseñor Nouel
300 ## - DESCRIPCIÓN FÍSICA
Extensión 110
520 ## - RESUMEN, ETC.
Sumario, etc. 5
520 ## - RESUMEN, ETC.
Sumario, etc. El objetivo general de este estudio fue el uso de los medios tecnológicos en el proceso de enseñanza y aprendizaje de los Centros Cigar  Family del Distrito Educativo 16-06 de Bonao Año Escolar 2011-2012.Esta investigación se realizó de manera cuantitativa, con un diseño transversal no experimental, que se caracterizó porque recolecta datos en un sólo momento, en un tiempo único. Fue de tipo bibliográfica, ya que se analizaron teorías a través del uso de textos y documentos escritos.  El universo de esta investigación fue de 123 alumnos  del nivel medio, 10 maestros y el director del centro educativo.Las técnicas empleadas en la investigación fueron la encuesta, el cuestionario y la revisión de literatura. Se evidenció que los maestros y maestras encuestados no utilizan en el desarrollo de sus clases medios tecnológicos, así lo señaló el 60% de los maestros.En cuanto a los medios tecnológicos que utilizaban con mayor frecuencia:  el 40% de los maestros y maestras del centro de formación integral Cigar Family señalan que el Internet, el 50% computadora y el 80% cámaras digitales.
630 ## - PUNTO DE ACCESO ADICIONAL DE MATERIA--TÍTULO UNIFORME
Título uniforme Proceso de Enseñanza-Aprendizaje
630 ## - PUNTO DE ACCESO ADICIONAL DE MATERIA--TÍTULO UNIFORME
Título uniforme Tecnología Educativa
650 ## - PUNTO DE ACCESO ADICIONAL DE MATERIA--TÉRMINO DE MATERIA
Término de materia o nombre geográfico como elemento de entrada Tecnología de la Información y de la Comunicación (TICs)
690 ## - PUNTO DE ACCESO ADICIONAL DE MATERIA LOCAL--TÉRMINO DE MATERIA (OCLC, RLIN)
Término de materia o nombre geográfico como elemento inicial Elaborado
700 ## - ENTRADA AGREGADA--NOMBRE PERSONAL
Término indicativo de función/relación asesor
Nombre de persona Mencía, Pedro
700 ## - ENTRADA AGREGADA--NOMBRE PERSONAL
Término indicativo de función/relación autor
Nombre de persona Acosta Rodríguez, Maritza
700 ## - ENTRADA AGREGADA--NOMBRE PERSONAL
Término indicativo de función/relación autor
Nombre de persona Mena Reyes, Ludovina
901 ## - ELEMENTOS DE DATOS A LOCAL LDA (RLIN)
a {"1":"Acosta Rodríguez","2":"Mena Reyes"}
b {"1":" Maritza","2":"Ludovina"}
902 ## - ELEMENTOS DE DATOS B LOCAL, LDB (RLIN)
a 1
903 ## - ELEMENTOS DE DATOS C LOCAL, LDC (RLIN)
a {"1":"Mencía"}
b {"1":"Pedro"}
904 ## - ELEMENTOS DE DATOS D LOCAL, LDD (RLIN)
a Magíster en
905 ## - ELEMENTOS DE DATOS E LOCAL, LDE (RLIN)
a Gestión de Centros Educativos
906 ## - ELEMENTOS DE DATOS F LOCAL, LDF (RLIN)
a 2
907 ## - ELEMENTOS DE DATOS G LOCAL, LDG (RLIN)
a NO APLICA
908 ## - COLOCAR PARÁMETRO DE COMANDO (RLIN)
Colocar parámetro de comando NO APLICA
909 ## -
-- Universidad Abierta para Adultos (UAPA), Recinto Santiago
910 ## - DATOS DE OPCIÓN DEL USUARIO (OCLC)
Datos de opción del usuario NULL
-- NULL
911 ## - EQUIVALENCIA O REFERENCIA-CRUZADA-NOMBRE DE CONFERENCIA O REUNIÓN/CONGRESO [LOCAL, CANADÁ]
Nombre de congreso/reunión o jurisdicción como elemento de entrada ["1"]
912 ## -
-- NO APLICA
913 ## -
-- NULL
914 ## -
-- 01 de Agosto de 2012
915 ## -
-- 17/09/14 10:09
916 ## -
-- NULL
917 ## -
-- NULL
918 ## -
-- NO APLICA
919 ## -
-- ["163","191"]
921 ## -
-- 11
922 ## -
-- 11
923 ## -
-- 0
924 ## -
-- NO APLICA
942 ## - ELEMENTOS DE ENTRADA SECUNDARIOS (KOHA)
Tipo de ítem Koha

No items available.

© 2024. Todos los Derechos Reservados. Desarrollado por IDEICE